<?xml version="1.0" encoding="UTF-8"?><?xml-stylesheet type="text/xsl" href="static/style.xsl"?><OAI-PMH xmlns="http://www.openarchives.org/OAI/2.0/" xmlns:xsi="http://www.w3.org/2001/XMLSchema-instance" xsi:schemaLocation="http://www.openarchives.org/OAI/2.0/ http://www.openarchives.org/OAI/2.0/OAI-PMH.xsd"><responseDate>2026-04-13T06:38:36Z</responseDate><request verb="GetRecord" identifier="oai:www.recercat.cat:2445/170849" metadataPrefix="marc">https://recercat.cat/oai/request</request><GetRecord><record><header><identifier>oai:recercat.cat:2445/170849</identifier><datestamp>2025-11-20T14:28:23Z</datestamp><setSpec>com_2072_1057</setSpec><setSpec>col_2072_478811</setSpec><setSpec>col_2072_478917</setSpec><setSpec>col_2072_478935</setSpec></header><metadata><record xmlns="http://www.loc.gov/MARC21/slim" xmlns:dcterms="http://purl.org/dc/terms/" xmlns:xsi="http://www.w3.org/2001/XMLSchema-instance" xmlns:doc="http://www.lyncode.com/xoai" xsi:schemaLocation="http://www.loc.gov/MARC21/slim http://www.loc.gov/standards/marcxml/schema/MARC21slim.xsd">
   <leader>00925njm 22002777a 4500</leader>
   <datafield ind2=" " ind1=" " tag="042">
      <subfield code="a">dc</subfield>
   </datafield>
   <datafield ind2=" " ind1=" " tag="720">
      <subfield code="a">Domínguez Amorós, Màrius</subfield>
      <subfield code="e">author</subfield>
   </datafield>
   <datafield ind2=" " ind1=" " tag="720">
      <subfield code="a">Aparicio Chueca, Ma. del Pilar (María del Pilar)</subfield>
      <subfield code="e">author</subfield>
   </datafield>
   <datafield ind2=" " ind1=" " tag="260">
      <subfield code="c">2020-09-25T11:51:42Z</subfield>
   </datafield>
   <datafield ind2=" " ind1=" " tag="260">
      <subfield code="c">2020-09-25T11:51:42Z</subfield>
   </datafield>
   <datafield ind2=" " ind1=" " tag="260">
      <subfield code="c">2020-09-17</subfield>
   </datafield>
   <datafield ind2=" " ind1=" " tag="260">
      <subfield code="c">2020-09-25T11:51:42Z</subfield>
   </datafield>
   <datafield ind2=" " ind1=" " tag="520">
      <subfield code="a">Low levels of Physical Activity (PA) and sedentarism are associated with the onset of different pathologies and health problems. Regular physical activity has been linked with being beneficial to the health of the general population. Within this framework of analysis, the aim of the present study was to analyze the association between the time spent doing physical activity and the expressed motives for doing so, from which the innovative aspect of the paper emerges: the use of the time spent doing PA as a study variable of the phenomenon. The data analyzed come from the latest special Eurobarometer survey about the sport and physical activity done in Europe. Using an exploratory factorial analysis and a structural equations model, a six-dimensional factorial model was found that explains the reasons for doing PA, demonstrating that there is no relationship between the reasons for and time spent doing PA. The motivation is not a variable that explains the time spent doing PA, and another type of variable must be used to explain the phenomenon if PA is to be incentivized. Weaknesses of the study are that it works with individuals as a group and that the fundamental dependence on age is not introduced, which could determine interest in practicing PA. Similarly, the impact of the conditions of implementing PA, education, and family history should also be introduced into the model.</subfield>
   </datafield>
   <datafield tag="653" ind2=" " ind1=" ">
      <subfield code="a">Educació física</subfield>
   </datafield>
   <datafield tag="653" ind2=" " ind1=" ">
      <subfield code="a">Promoció de la salut</subfield>
   </datafield>
   <datafield tag="653" ind2=" " ind1=" ">
      <subfield code="a">Models d'equacions estructurals</subfield>
   </datafield>
   <datafield tag="653" ind2=" " ind1=" ">
      <subfield code="a">Physical education and training</subfield>
   </datafield>
   <datafield tag="653" ind2=" " ind1=" ">
      <subfield code="a">Health promotion</subfield>
   </datafield>
   <datafield tag="653" ind2=" " ind1=" ">
      <subfield code="a">Structural equation modeling</subfield>
   </datafield>
   <datafield ind2="0" ind1="0" tag="245">
      <subfield code="a">Lack of Association between the Reasons for and Time Spent Doing Physical Activity</subfield>
   </datafield>
</record></metadata></record></GetRecord></OAI-PMH>